| Registos Bibliográficos associados ao registo de autoridade |
|
Etiqueta de registo: 00000nam 2200025 450 001 2096909 003 http://id.bnportugal.gov.pt/bib/catbnp/2096909 010 ## $a978-972-99918-9-9 021 ## $aPT$b494217/22 100 ## $a20220406d2022 m y0pory01030103ba 101 0# $apor 102 ## $aPT 105 ## $aa z 000yy 106 ## $ar 200 1# $aHá engenharia na Casa da Música$fdir. Manuela Mesquita$gcoord. Catarina Soutinho$gtextos Pedro Matos Trigo, Virgínia Capoto 205 ## $a1ª ed 210 #9 $aPorto$cOrdem dos Engenheiros - Região Norte,$dD.L. 2022 215 ## $a165, [3] p.$cil.$d26 cm 675 ## $a725.81(469.121)(042)$vBN$zpor$31842056 702 #1 $aMesquita,$bManuela$4300$31841742 702 #1 $92$aSoutinho,$bCatarina$4340$31841746 702 #1 $92$aTrigo,$bPedro Matos$4070$31841748 702 #1 $aCapoto,$bVirgínia$4070$31841751 801 #0 $aPT$bBN$gRPC 856 41 $uhttp://rnod.bnportugal.gov.pt/ImagesBN/winlibimg.aspx?skey=&doc=2096909&img=163154&save=true 900 ## $aBIBNAC$d20220414 966 ## $lBN$mFGMON$sB.A. 47096 V.$x1 966 ## $lBN$mFGMON$sB.A. 47096 V.-D$x1 971 ## $corlando$d20220406 972 ## $e0$z0$d20220414$viquintas 973 ## $cmcarvalho$d20220407
Etiqueta de registo: 00254nam 2200025 450 001 2287359 003 http://id.bnportugal.gov.pt/bib/catbnp/2287359 010 ## $a978-989-9331-21-1 021 ## $aPT$b558558/26 100 ## $a20260601d2026 m y0pory01030103ba 101 1# $apor 102 ## $aPT 105 ## $ay z 000yy 106 ## $ar 200 1# $aReflexões sobre a educação das meninas$fMary Wollstonecraft$gtrad. Virgínia Capoto 205 ## $a1ª ed 210 #9 $aChão de Couce$cBons Ventos,$d2026 215 ## $a99, [2] p.$d22 cm 225 2# $aBons Ventos$v11 700 #1 $aShelley,$bMary,$f1797-1851$3284328 702 #1 $aCapoto,$bVirgínia$4730$31841751 801 #0 $aPT$bBN$gRPC 966 ## $lBN$mFGMON$x1 966 ## $lBN$mFGMON$x1 971 ## $corlando$d20260601
Etiqueta de registo: 00254nam 2200025 450 001 2288114 003 http://id.bnportugal.gov.pt/bib/catbnp/2288114 010 ## $a978-989-33-9256-0 021 ## $aPT$b559483/26 100 ## $a20260617d2026 m y0pory01030103ba 101 0# $apor 102 ## $aPT 105 ## $aa b 000yy 106 ## $ar 200 1# $aHenrique Botelho$emeia vida$ffot. Henrique Botelho$gpref. Teresa Siza$gtextos Alfredo Cunha... [et al.]$grev. de texto Virgínia Capoto 205 ## $a1ª ed 210 #9 $a[S.l.]$cDST group,$d2026 215 ## $a[158] p.$cil.$d30 cm 701 #1 $aCunha,$bAlfredo,$f1953-$4070$342159 702 #1 $aBotelho,$bHenrique,$f1956-2024$4040$32000914 702 #1 $aSiza,$bTeresa,$f1948-$4080$373601 702 #1 $aCapoto,$bVirgínia$4640$31841751 801 #0 $aPT$bBN$gRPC 966 ## $lBN$mFGMON$x1 966 ## $lBN$mFGMON$x1 971 ## $cjbeatriz$d20260617
|
|
|